Responses for Show #2896 - Monday, March 17, 1997

Contestants

[<< previous game]

Eric Grunden, a high school teacher from Gainesville, Florida

Mick Malicki, an attorney from La Grange Park, Illinois

Liz Klausky, a registered nurse from Port Orange, Florida (whose 1-day cash winnings total $6,600)

[next game >>]

Jeopardy! Round responses

ON-LINE LINGO
THE BIBLE
AGRICULTURE
COLLEGES & UNIVERSITIES
CAPES
BATMEN & ROBINS
    $100 4
snail mail

Eric
    $100 14
Mary

Liz
    $100 19
(Liz: What are bananas?)

sugarcane

LizMick
    $100 1
Cambridge

Liz
    $100 24
(Liz: What is Finland?)

Norway

LizMick
    $100 9
Adam West

Liz
    $200 5
happy face/smiley

Eric
    $200 15
Matthew, Mark, Luke & John

Eric
    $200 20
fish

Eric
    $200 2
William & Mary

Liz
    $200 25
(Alex: And we have less than a minute to go.)

Florida

Mick
    $200 10
(Liz: Who is Val Kilmer?)

Michael Keaton

LizEric
    $300 6
Frequently Asked Questions

Eric
    $300 16
Judges

Triple Stumper
    $300 21
fallow

Liz
    $300 3
Blue Devils

Eric
    $300 26
Cape Horn

Liz
    $300 11
Burt Ward

Eric
    $400 7
(Liz: What is Lilliput?)

Yahoo!

Liz
Triple Stumper
    $400 17
Gabriel

Eric
    $400 29
insecticide

Liz
    $400 22
Vermont

Eric
    $400 27
Massachusetts

Liz
    $400 12
Chris O'Donnell

Triple Stumper
    $500 8
thread

Eric
    $1,000 18
(Eric: No, sorry, I don't know.)

Uriah the Hittite

Eric
    $500 30
slash & burn

Eric
    $500 23
Maine

Liz
    $500 28
Quebec City

Mick
    $500 13
Casey Kasem

Eric

Scores at the first commercial break (after clue 16):

Liz Mick Eric
-$100 $0 $2,600

Scores at the end of the Jeopardy! Round:

Liz Mick Eric
$1,600 $900 $3,100

Double Jeopardy! Round responses

IRISH HISTORY
(Alex: How appropriate!)
WORLD GEOGRAPHY
COMPOSERS
VIRGINIA GOVERNORS
BOOKS & AUTHORS
MISC.
    $200 12
Saint Patrick

Eric
    $200 7
Taiwan

Liz
    $200 1
Ludwig van Beethoven

Eric
    $200 6
Lee

Liz
    $200 21
Remembrance

Liz
    $200 26
fishing

Eric
    $400 13
neutrality

Eric
    $400 8
(Eric: What is Germany?)

Vietnam

LizEric
    $400 2
Frederic Chopin

Mick
    $400 17
(Liz: Who is Madison?)

James Monroe

LizMick
    $400 22
James Clavell

Eric
    $400 27
Froot Loops

Eric
    $600 14
Eire

Mick
    $600 9
(Mick: What is Pakistan?)

India

LizMick
    $600 3
Johann Sebastian Bach

Mick
    $600 18
(Liz: Who is Connally?)
(Alex: Lady Bird Johnson was his mother-in-law)

Charles (Chuck) Robb

LizEric
    $600 23
Hotel

Mick
    $600 28
astronomy

Mick
    $800 15
Orangemen

Mick
    $1,000 10
Bay of Biscay

Liz
    $800 4
Aaron Copland

Triple Stumper
    $800 19
Patrick Henry

Liz
    $800 24
Martin Cruz Smith

Eric
    $800 29
Darryl F. Zanuck

Mick
    $1000 16
Michael Collins

Mick
    $1000 11
New Brunswick

Liz
    $1000 5
Richard Strauss

Eric
    $400 20
(Liz: No idea.)

Douglas Wilder

Liz
    $1000 25
(Alex: We have less than a minute to deal with the last category, Eric...)

Judith Michael

Triple Stumper
    $1000 30
Drug Enforcement Administration

Mick

Scores at the end of the Double Jeopardy! Round:

Liz Mick Eric
$4,600 $7,100 $6,900

[wagering suggestions for these scores]

Final Jeopardy! Round responses

JOURNALISTS
(Alex: A subject of the movie Reds.)
LizWho is John Birch? :)
$100
EricWho is Groucho Marx?
$6,500
MickWho was Lincoln Rockwell?
$6,800
John Reed

Final scores:

Liz Mick Eric
$4,500 $300 $400
2-day champion: $11,100 3rd place: Michael C. Fina Irish Decanter & Glass Set 2nd place: Trip to Ireland, Britain & Europe

Game dynamics:

Coryat scores:

Liz Mick Eric
$4,800 $7,100 $7,900
17 R
(including 1 DD),
7 W
(including 1 DD)
14 R,
1 W
22 R,
2 W
(including 1 DD)

Combined Coryat: $19,800

[game clues] [game scores] [suggest correction]

Game tape date: 1996-12-04
The J! Archive is created by fans, for fans. Scraping, republication, monetization, and malicious use prohibited; this site may use cookies and collect identifying information. See terms. The Jeopardy! game show and all elements thereof, including but not limited to copyright and trademark thereto, are the property of Jeopardy Productions, Inc. and are protected under law. This website is not affiliated with, sponsored by, or operated by Jeopardy Productions, Inc. Join the discussion at JBoard.tv.